000 00711nam a22001811cc4500
001 a987677397+Kniga2
035 _aa987677397
008 170707s2015 gw a||| 000u rus d
020 _a9785971014539
_9978-5-9710-1453-9
245 0 0 _aPutešestvie iz Peterburga v Moskvu
_nKniga 2
_pPutešestvie iz Peterburga v Moskvu v XXI veke : po itogam ekspedicii 2013 goda
264 _aMoskva :
_bURSS,
_c2015
300 _a352 S.: graph. Dasrst., Ill., Kt.
246 1 2 _aPutešestvie iz Peterburga v Moskvu : 222 goda spustja. Putešestvie iz Peterburga v Moskvu v XXI veke : po itogam ekspedicii 2013 goda
_nKniga 2
773 0 8 _wa987677397
_qKniga2
942 _cMG
040 _cRU-10907106
003 RU-10907106
999 _c46824
_d46824